|
|
|
|
| LEADER |
00000nam0a2200000 4500 |
| 001 |
682627 |
| 005 |
20251027140550.0 |
| 090 |
|
|
|a 682627
|
| 100 |
|
|
|a 20251027d1976 k||y0rusy50 ca
|
| 101 |
0 |
|
|a rus
|
| 102 |
|
|
|a RU
|
| 105 |
|
|
|a a z 001yy
|
| 181 |
|
0 |
|a i
|b e
|
| 182 |
|
0 |
|a n
|
| 183 |
|
0 |
|a nc
|2 RDAcarrier
|
| 200 |
1 |
|
|a Метрологическое обеспечение работ в области энергетической фотометрии
|e сборник научных трудов
|f Всесоюзный научно-исследовательский институт физико-технических и радиотехнических измерений; гл. ред. Б. М.
|
| 203 |
|
|
|a Текст
|b визуальный
|c непосредственный
|
| 210 |
|
|
|a Москва
|c [Б. и.]
|d 1976
|
| 215 |
|
|
|a 62 с.
|c ил.
|
| 225 |
1 |
|
|a Научные труды
|f Всесоюзный научно-исследовательский институт физико-технических и радиотехнических измерений
|
| 283 |
|
|
|a volume
|2 RDAcarrier
|
| 320 |
|
|
|a Список литературы в конце статей
|
| 606 |
|
|
|a Фотометрия энергетическая
|x (оптика)
|9 81161
|
| 610 |
1 |
|
|a воспроизведение
|
| 610 |
1 |
|
|a погрешность
|
| 610 |
1 |
|
|a анализ
|
| 610 |
1 |
|
|a непрерывное излучение
|
| 610 |
1 |
|
|a фотохронологическая аппаратура
|
| 610 |
1 |
|
|a систематизация
|
| 610 |
1 |
|
|a фотоэлектрические измерительные преобразователи
|
| 610 |
1 |
|
|a аттестация
|
| 610 |
1 |
|
|a излучение
|
| 610 |
1 |
|
|a пространственное распределение
|
| 610 |
1 |
|
|a обтюраторы
|
| 610 |
1 |
|
|a дифракционные искажения
|
| 675 |
|
|
|a 535.24
|v 4
|
| 702 |
|
1 |
|4 340
|a Степанов
|b Б. М.
|
| 712 |
0 |
2 |
|a Всесоюзный научно-исследовательский институт физико-технических и радиотехнических измерений
|c (п. Менделеево, Московская область)
|4 570
|9 25551
|
| 801 |
|
0 |
|a RU
|b 63413507
|c 20251027
|
| 830 |
|
|
|a Ретро2025Каталогизация Шило
|
| 850 |
|
|
|a 63413507
|
| 942 |
|
|
|c BK
|